20 yılda basında YOYAV (Record no. 1071)

MARC details
000 -BAŞLIK
Sabit Uzunlukta Kontrol Alanı 00881na a2200265 4500
001 - KONTROL NUMARASI
Denetim Alanı 16473
003 - KONTROL NUMARASI IDENTIFIER
Denetim Alanı MIRAKIL
005 - SON İŞLEM TARİHİ VE ZAMANI
Denetim Alanı 20181213154811.0
008 - SABİT-BOY VERİ ELEMANLARI - GENEL BİLGİLER
Sabit Uzunlukta Kontrol Alanı 161008b tu 000 0
020 ## - ULUSLARARASI STANDART KİTAP NUMARASI
Uluslararası Standart Kitap Numarası 9757749202
040 ## - KATALOGLAMA KAYNAK
Orijinal Kataloglama Ajansı Milas
Kataloglama Dili tur
Metne Dönüştürmek Ajansı TR-AnCHP
041 ## - DİL KODU
Metin / Ses Parça Veya Ayrı Başlığın Dil Kodu tur
082 ## - DEWEY ONLU SINIFLANDIRMA NUMARASI
Sınıflandırma Numarası 362.506
Ürün Numarası Y56 2008
090 ## - SINIFLAMA NUMARASI
Sınıflama Numarası 362.506 Y56 2008
110 ## - ANA GİRİŞ - KURUMSAL ADI
Giriş Elemanı Olarak Kurumsal Ad Veya Yargı Alanı Adı Yoksullara Yardım ve Eğitim Vakfı
245 ## - BAŞLIK TABLOSU
Başlık 20 yılda basında YOYAV
Sorumluluk Tablosu, Vb Yoksullara Yardım ve Eğitim Vakfı; derleyen İbrahim Ateş
260 ## - YAYIN, DAĞITIM, VB
Yayın, Dağıtım, Vb Yeri Ankara
Yayıncı, Dağıtıcı, Vs Adı Yoksullara Yardım ve Eğitim Vakfı yayınları
Yayın, Dağıtım, Vb Tarihi 2008
300 ## - FİZİKSEL TANIM
Kapsam 195
Diğer Fiziksel Ayrıntıları res.
Boyutlar 23 sm.
440 ## - SERİSİ TABLOSU / KATMA GİRİŞİ - BAŞLIK
Başlık Yoksullara Yardım ve Eğitim Vakfı Yayınları
Bir İşin Parçası / Bölüm Sayısı 21
610 ## - KONU KATMA GİRİŞ - TOPLANTI ADI
Giriş Elemanı Olarak Kurumsal Ad Veya Yargı Alanı Adı Yoksullara Yardım ve Eğitim Vakfı (YOYAV)
650 ## - KONU KATMA GİRİŞ - TOPİKAL DÖNEM
Topikal Süreli Veya Coğrafi Ad Giriş Elemanı Toplumsal hareketler
Genel Alt Bölümü Dernekler
Kronolojik Alt Bölümü Basın
650 ## - KONU KATMA GİRİŞ - TOPİKAL DÖNEM
Topikal Süreli Veya Coğrafi Ad Giriş Elemanı Dernekler
Genel Alt Bölümü Yardımlaşma
700 ## - KATMA GİRİŞ - KİŞİSEL İSİM
Kişisel Ad Ateş, İbrahim
942 ## - EKLENDİ GİRİŞ ELEMANLARI (KOHA)
Sınıflandırma Veya Raf Düzeni Kaynak Dewey Decimal Classification
Koha Öğesi Türü Books
999 ## - SİSTEM KONTROL NUMARALARI (KOHA)
Koha Biblionumber 1071
Koha Biblioitemnumber 1071
Holdings
Kalıcı Konum Mevcut Konum Edinme Tarihi Edinim Kaynak Toplam Check-Out'Lar Tam Çağrı Numarası Barkod Tarih Son Görülme İtibaren Geçerli Fiyatlar Koha Öğesi Türü
CHP Kütüphanesi CHP Kütüphanesi 10/07/2016 Bağış   362.506 Y56 2008 005696 10/07/2016 10/07/2016 Books